000 00231nmm a2200097Ia 4500
008 220120s9999||||xx |||||||||||||||||und||
082 _a00 5.133 GOO
100 _aGoodman, Danny
_92791
245 0 _aJava script bible
260 _c2000
999 _c138994
_d138994